000 00537nam a2200181Ia 4500
003 GCL
008 140319s9999 xx 000 0 ara d
040 _aGCL /
_cGCL
082 0 4 _a940.53
_bم د
100 1 _aميدنيكوف
245 1 0 _aدفتر برلين /
_cميدنيكوف
300 _a403 ص
490 _aالهيئة العامة للاستعلامات
_v0
650 0 4 _aالمانيا
650 0 4 _aالاتحاد السوفيتى
650 0 4 _aالحرب العالمية الثانية 1939 - 1945
942 _2ddc
_cBK
999 _c47510
_d47510